000 00728nam a2200241 i 4500
003 DO-SdBNP
005 20240709095915.0
007 ta
008 240709b199- cu ||||| |||| 00| 0 spa d
040 _aDO-SdBNP
_bspa
_cBNPHU
_erda
082 4 _222
100 _aMina, Gianni
_921419
_eautora
245 1 0 _aHabla Fidel /
_b
_cGianni Mina ; prólogo, Gabriel García Márquez
264 _aCuba :
_beditor no identificado,
_c19--.
300 _a345 páginas ;
_c21 cm.
336 _2rdacontent
_atexto
_btxt
337 _2rdamedia
_asin mediación
_bn
338 _2rdacarrier
_avolumen
_bnc
590 _aInventariado, 2024/BT
700 _aGarcía Márquez, Gabriel,
_eprólogo
_986016
910 _aBtavárez
942 _2ddc
_cLBS1
999 _c57225
_d57225